| 000 | 00666nam a2200205 ar4500 | ||
|---|---|---|---|
| 001 | 4397 | ||
| 005 | 20221127090937.0 | ||
| 008 | 151224s xxka 00110 eng d | ||
| 020 |
_a9781292022819(pbk) : _cSR215.00 |
||
| 082 | 0 | 4 |
_a174.4 _bV541 2014 |
| 100 | 1 | _aVelasquez, Manuel G. | |
| 245 | 1 | 0 |
_aBusiness ethics : _bconcepts and cases / _cManuel Velasquez. |
| 250 | _a7th ed. | ||
| 260 |
_aHarlow, England : _bPearson Education, _c2014. |
||
| 300 |
_aii, 430 p. : _bill. ; _c28 cm. |
||
| 440 | 0 | _aPearson custom library. | |
| 504 | _aIncludes bibl. references and index. | ||
| 650 | 4 | _aBusiness ethics. | |
| 650 | 4 |
_aIndustrial management _xMoral and ethical aspects. |
|
| 999 |
_c4395 _d4395 |
||